Las categorías gramaticales. Relaciones y diferencias

Bewaard in:
Bibliografische gegevens
Hoofdauteur: Bosque, Ignacio (Auteur)
Formaat: Boek
Taal:Spaans
Gepubliceerd in: Madrid Síntesis 1990
Reeks:Textos de Apoyo. Lingüística, 11
Onderwerpen:
Tags: Voeg label toe
Geen labels, Wees de eerste die dit record labelt!

MARC

LEADER 00000nam a2200000 a 4500
001 UCN8528
003 CL-VaPUC
008 011116e19900000SP |||||||||||||||||spa|d
082 0 4 |a 415  |b BOS  |2 21 
100 0 |a Bosque, Ignacio  |e author  |9 464777 
245 1 4 |a Las categorías gramaticales. Relaciones y diferencias 
300 |a 231 p 
942 |c BK 
945 |d 20011116 00:00:00  |a cmena 
260 |a Madrid  |b Síntesis  |c 1990 
650 0 |a Gramática  |9 270497 
650 7 |a ORACIONES  |2 CL-VaPUC  |9 319212 
650 0 |a Semántica  |9 265318 
650 0 |a Sintaxis  |9 318843 
650 0 |a Sintagmas  |9 464778 
650 7 |a SUSTANTIVOS  |2 CL-VaPUC  |9 464779 
650 0 |a Adjetivos   |9 387965 
650 0 |a Adverbios  |9 387964 
650 0 |a Verbos  |9 310738 
650 7 |a PRONOMBRES  |2 CL-VaPUC  |9 387966 
650 7 |a PREPOSICIONES  |2 CL-VaPUC  |9 373461 
583 |a last modification  |c 20011116 00:00:00  |k Rodrigo Vera 
490 0 |a Textos de Apoyo. Lingüística, 11 
999 |c 298367  |d 298365 
952 |0 0  |1 0  |4 0  |6 415_000000000000000_BOS_1990  |7 0  |8 A  |9 353887  |a FDOPOS  |b BIBEDU  |d 2019-11-21  |i 3772454  |l 1  |o 415 BOS 1990  |p 3772454  |r 2025-01-22  |s 2024-03-15  |w 2019-11-21  |y BK  |k MLA